00928nam a2200253 i 450000100060000000300090000600500170001500700030003200800410003502000180007608000230009410000320011724501130014925000120026226000490027430000210032358500600034460000560040460000440046065100680050465500400057271000380061285200240065019042ES-MaACL20240109201306.0t|020529s2000 sp ||||1| spa d a84-87490-73-5 a32 Azaña, Manuel1 aAzaña, Manuel,d1880-194010aAzaña en León : btexto íntegro del mitin pronunciado en el Teatro Principal el 12 de febrero de 1936. a2ª ed. aLeón : bFundación Vela Zanetti, c2000. a31 p. ; c15 cm. aPubl. con motivo de la exposición del mismo título.14aAzaña, Manuel, 1880-1940-xPensamiento político 0aAzaña, Manuel,d1880-1940-vDiscursos 0aEspaña-xHistoria-y1931-1939, II República-vExposiciones. 72tgfbneaCatálogos de exposiciones2 aFundación Vela Zanetti (León) aES-MaACLj2162-F-12